| 000 | 00447pab a2200169 454500 | ||
|---|---|---|---|
| 008 | 180718b2004 xxu||||| |||| 00| 0 eng d | ||
| 100 | _aShannon, Patrick | ||
| 245 | _aBarriers to family-centered services for infants and toddlers with developmental delays | ||
| 260 | _c2004 | ||
| 300 | _ap.301-08. | ||
| 362 | _aApr | ||
| 650 | _aEarly childhood | ||
| 650 | _aFamily | ||
| 650 | _aSocial workers | ||
| 773 | _aSocial Work | ||
| 909 | _a63250 | ||
| 999 |
_c63250 _d63250 |
||